عرض عادي
عرض مارك
- التخطيط الإداري.
مدخل مصطلح موضوعي
001 - رقم الضبط
- حقل الضبط: 14958
003 - معرف رقم الضبط
- حقل الضبط: OSt
005 - تاريخ ووقت أخر عملية
- حقل الضبط: 20120526094733.0
008 - عناصر بيانات ثابتة الطول
- حقل تحكم ثابت الطول: 120526|||a|||||| | ||| d
040 ## - مصدر الفهرسة
- هيئة الفهرسة الأصلية: OSt
- وكالة الكتابة: OSt
150 ## - مدخل-- مصطلح تاريخي
- عنصر مدخل المصطلح الموضوعي او الاسم الجغرافي: التخطيط الإداري.
670 ## - بيانات المصدر موجوده
- الاستشهاد بالمصدر: Work cat.: (OSt): أبو النصر، مدحت محمد محمود. 14949, مراحل العملية التدريبية :, 2012.
